Reglas generales de acompañar, en organo, clavicordio, y harpa, con solo saber cantar la parte, ò vn baxo en canto figurado (Record no. 8656)

MARC details
000 -CABECERA
campo de control de longitud fija 01272nam a2200253 a 4500
001 - NÚMERO DE CONTROL
campo de control BRCA_9005
003 - IDENTIFICADOR DEL NÚMERO DE CONTROL
campo de control FranzMayer
005 - FECHA Y HORA DE LA ÚLTIMA TRANSACCIÓN
campo de control 20230728115807.0
008 - DATOS DE LONGITUD FIJA--INFORMACIÓN GENERAL
campo de control de longitud fija 190717s1702----sp-a######---#000-0#spa-#
040 ## - FUENTE DE LA CATALOGACIÓN
Centro catalogador/agencia de origen MFM
Lengua de catalogación esp
Centro/agencia transcriptor MFM
041 ## - CÓDIGO DE LENGUA
Código de lengua del texto/banda sonora o título independiente spa
044 ## - CÓDIGO DEL PAÍS DE LA ENTIDAD EDITORA/PRODUCTORA
Código MARC del país sp
084 ## - OTRO NÚMERO DE CLASIFICACIÓN
Número de clasificación COB28
Número de documento/Ítem .T67 1702
100 1# - ENTRADA PRINCIPAL--NOMBRE DE PERSONA
Nombre de persona Torres, Joseph de
9 (RLIN) 22347
245 10 - MENCIÓN DE TÍTULO
Título Reglas generales de acompañar, en organo, clavicordio, y harpa, con solo saber cantar la parte, ò vn baxo en canto figurado
Resto del título distribuida en tres partes: en la primera se enseñan los fundamentos, que deben de proceder al acompañar, en la segunda el modo de acompañar, vsando solo de especies consonantes, y en la tercera el modo de practicar las especies falas, assi dentro de la ligadura, como fuera de ella
Mención de responsabilidad, etc. compuestas por Don Joseph de Torres, Organista principal de la Real Capilla.
260 ## - PUBLICACIÓN, DISTRIBUCIÓN, ETC.
Lugar de publicación, distribución, etc. Madrid
Nombre del editor, distribuidor, etc. En la Imprenta de Mvsica
Fecha de publicación, distribución, etc. 1702
300 ## - DESCRIPCIÓN FÍSICA
Extensión [7], [12], 143 p.
Otras características físicas il.
Dimensiones 20.8 x 15 cm
500 ## - NOTA GENERAL
Nota general Con privilegio
500 ## - NOTA GENERAL
Nota general En portada: Dedicalas al Ilvstrissimo señor Don Pedro Portocarrero, y Guzmán, Patriarcha de las Indias, &c.
500 ## - NOTA GENERAL
Nota general Estado físico: presenta encuadernación en pergamino con cintas rotas
650 14 - PUNTO DE ACCESO ADICIONAL DE MATERIA--TÉRMINO DE MATERIA
Término de materia o nombre geográfico como elemento de entrada Acompañamiento musical
9 (RLIN) 22348
902 ## - CATALOGADOR
Iniciales LAR
942 ## - ELEMENTOS DE PUNTO DE ACCESO ADICIONAL (KOHA)
Fuente del sistema de clasificación o colocación Library of Congress Classification
Tipo de ítem Koha Libros
Holdings
Estado de retiro Estado de pérdida Fuente del sistema de clasificación o colocación Estado dañado No para préstamo Código de colección Localización permanente Ubicación/localización actual Fecha de adquisición Fuente de adquisición Total de préstamos Signatura topográfica completa Código de barras Fecha visto por última vez Precio válido a partir de Tipo de ítem Koha
El ejemplar forma parte de la colección y puede ser consultado según las políticas vigentes.   Library of Congress Classification     Conventual Franz Mayer Biblioteca del Museo Franz Mayer (Rogerio Casas-Alatriste) Biblioteca del Museo Franz Mayer (Rogerio Casas-Alatriste) 18/07/2017 Donación   COB28 .T67 1702 9703 22/03/2019 22/03/2019 Libros